Understanding property law. (Record no. 103023)

MARC details
000 -LEADER
fixed length control field 00932cam a2200277 4500
008 - FIXED-LENGTH DATA ELEMENTS--GENERAL INFORMATION
fixed length control field #DATE n2004 000 0 eng u
020 ## - INTERNATIONAL STANDARD BOOK NUMBER
International Standard Book Number 0421829303
035 ## - SYSTEM CONTROL NUMBER
System control number (Sirsi) u123302
041 ## - LANGUAGE CODE
Language code of text/sound track or separate title eng
050 ## - LIBRARY OF CONGRESS CALL NUMBER
Classification number 346.41043
-- 18
100 ## - MAIN ENTRY--PERSONAL NAME
Personal name Murphy, Tim
245 ## - TITLE STATEMENT
Title Understanding property law.
250 ## - EDITION STATEMENT
Edition statement 4th ed.
260 ## - PUBLICATION, DISTRIBUTION, ETC.
Place of publication, distribution, etc. London
Name of publisher, distributor, etc. Sweet and Maxwell
Date of publication, distribution, etc. 2004
300 ## - PHYSICAL DESCRIPTION
Extent xi, 291p.
Dimensions 22cm.
350 ## - PRICE (NR) (BK AM CF MU VM SE) [OBSOLETE]
Price 12.95
490 ## - SERIES STATEMENT
Series statement Sweet and Maxwell Understanding Law Series
520 ## - SUMMARY, ETC.
Summary, etc. Provides the background to an area of law that is notoriously inaccessible. This new edition has been extensively revised and updated. It includes such recent legislative developments as the Land Registration Act 2002.
520 ## - SUMMARY, ETC.
Summary, etc. Supersedes third edition (ISBN 0421634901)
650 ## - SUBJECT ADDED ENTRY--TOPICAL TERM
Topical term or geographic name entry element LAND LAW
650 ## - SUBJECT ADDED ENTRY--TOPICAL TERM
Topical term or geographic name entry element PROPERTY LAW
690 ## - LOCAL SUBJECT ADDED ENTRY--TOPICAL TERM (OCLC, RLIN)
Topical term or geographic name as entry element PROPERTY
700 ## - ADDED ENTRY--PERSONAL NAME
Personal name Roberts, Simon
700 ## - ADDED ENTRY--PERSONAL NAME
Personal name Flessas, Tatiana
942 ## - ADDED ENTRY ELEMENTS (KOHA)
Suppress in OPAC 0
Holdings
Withdrawn status Lost status Source of classification or shelving scheme Damaged status Not for loan Home library Current library Shelving location Date acquired Cost, normal purchase price Total Checkouts Full call number Barcode Date last seen Date last checked out Copy number Cost, replacement price Price effective from Koha item type
    Dewey Decimal Classification     London London Books 27/09/2004 11.01 17 346.41043 MUR 30069547 06/08/2019 06/01/2009 1 11.01 06/08/2019 Book